=LDR 00000nam 2200000 4500 =001 INLIS000000000014878 =005 20130612110147 =008 ***********************************Ind** =035 ##$$0010-061300000014878 =041 ##$$a Ind =082 ##$$a 658 =090 ##$$a 658, Ter d =100 ##$$a Terry, George R =245 ##$$a Dasar-dasar manajeman, George R. Terry, Leslie W. Rue; alih bahasa G.A. Ticoalu =260 ##$$a 1999 $b jakarta =300 ##$$a x, 332 hlm, ilus, 21 cm =650 ##$$a Manajemen =700 ##$$a Rue, Leslie W =850 ##$$a NBPNMAT